| 000 | 00659nam a2200193Ia 4500 | ||
|---|---|---|---|
| 005 | 20250508155626.0 | ||
| 008 | 008 250505s9999 xx 000 0 eng d | ||
| 037 | _aBooks to be hide in OPAC | ||
| 040 |
_aFEDL _beng _cFEDL |
||
| 041 |
_aeng _2eng |
||
| 084 |
_a378.54, IND/O _qFEDL |
||
| 100 |
_aDawson J D _9761879 |
||
| 245 | 0 | _aAppraisal of rural higher education in Indian and a projected programme for the rural institutes | |
| 245 | 0 | _cIndia, Government of.... Education (Ministry of...) | |
| 260 |
_aNew Delhi, India _bGovernment of India Press _c1960 |
||
| 300 | _a54p. | ||
| 942 |
_cHB _h378.54, IND/O |
||
| 999 |
_c1358306 _d1358306 |
||